| 000 | 00679cam a22002531 4500 | ||
|---|---|---|---|
| 001 | sa 68003838 | ||
| 003 | DLC | ||
| 005 | 20260227112456.0 | ||
| 008 | 890727s1967 ii b 000 0 hino | ||
| 010 | _asa 68003838 | ||
| 035 | _a(OCoLC)20081864 | ||
| 040 |
_aDLC _cWaU _dDLC |
||
| 043 | _aa-ii--- | ||
| 050 | 0 | 0 |
_aPK2069.W6 _bK7 |
| 100 | 0 |
_aKshem Chandra, _d1917- |
|
| 245 | 1 | 0 | _aNārī tere rūpa aneka. |
| 260 | _c[1967] | ||
| 300 |
_a79, 448 p. _c23 cm. |
||
| 500 | _aIn Hindi. | ||
| 500 | _aIncludes biographical sketches of the contributors. | ||
| 504 | _aBibliographical footnotes. | ||
| 650 | 0 |
_aWomen _zIndia _xPoetry. |
|
| 650 | 0 |
_aHindi poetry _y20th century. |
|
| 999 |
_c79779 _d79779 |
||